LEADER 02088nim 2200385Ka 450 001 9910159478903321 005 20250814103520.7 010 $a2-8211-0339-5 035 $a(CKB)3710000001019924 035 $a(ODN)ODN0003037439 035 $a(EXLCZ)993710000001019924 100 $a20190517d2012 uy 0 101 0 $afre 135 $auruna---||||| 181 $cspw$2rdacontent 182 $cs$2rdamedia 182 $cc$2rdamedia 183 $acr$2rdacarrier 200 10$aAuto-hypnose /$fJohn Mac 205 $aUnabridged. 210 $aCopenhagen K. $cSAGA Egmont$d2012 215 $a1 online resource (1 audio file) $cdigital 300 $aUnabridged. 330 $aL'autohypnose est une pratique qui conduit à un état mental d'hypervigilance et de relaxation dans lequel le sujet cesse de diriger volontairement le cours de ses pensées : il se met involontairement en rapport avec son inconscient et ses émotions profondes. Vous désirez vous initiez à la pratique de l'autohypnose ? Nous vous proposons des exercices simples et accessibles pour atteindre votre état d'hyper vigilance, et donc mieux vous connaître. La notion de développement personnel a des significations différentes selon qu'elle est utilisée par des psychanalystes, des promoteurs de techniques New Age, certains courants du coaching, les éducateurs et spécialistes du travail... Les objectifs du développement personnel renvoient à la connaissance de soi, à la valorisation des talents et potentiels, à l'amélioration de la qualité de vie, à la réalisation de ses aspirations et de ses rêves, etc. Notre collection Développement Personnel se propose de vous guider dans cet apprentissage et accomplissement de soi. 606 $aNonfiction$2OverDrive 606 $aSelf-Improvement$2OverDrive 615 17$aNonfiction. 615 7$aSelf-Improvement. 686 $aSEL017000$2bisacsh 700 $aMac$b John$01843306 701 $aLancrenon$b Juliette$01843134 906 $aAUDIO 912 $a9910159478903321 996 $aAuto-hypnose$94424505 997 $aUNINA